| 000 | 00776nam a2200229Ia 4500 | ||
|---|---|---|---|
| 003 | GCL | ||
| 008 | 140319s9999 xx 000 0 ara d | ||
| 040 |
_aGCL / _cGCL |
||
| 082 | 0 | 4 |
_a341.75 _bح ن |
| 100 | 1 | _aحسام محمد عيسى | |
| 245 | 1 | 0 |
_aنقل التكنولوجيا: دراسة فى الآليات القانونية للتبعية الدولية / _cحسام محمد عيسى |
| 260 |
_a[S.N] : _bدار المستقبل العربى |
||
| 300 | _a435 ص | ||
| 490 | _a | ||
| 650 | 0 | 4 | _aمصر |
| 650 | 0 | 4 | _aالدول النامية |
| 650 | 0 | 4 | _aالقانون الدولى |
| 650 | 0 | 4 | _aالاحوال الاقتصادية |
| 650 | 0 | 4 | _aالتبادل التجارى |
| 650 | 0 | 4 | _aالقانون الدولى التجارى |
| 942 |
_2ddc _cBK |
||
| 999 |
_c32550 _d32550 |
||